000 01065cam a2200229 4500
001 ABS65083
008 020301n2002 000 0 eng u
035 _a(Sirsi) u116952
100 _aBrewer, G.
245 _aGeoff Brewer considers limitation periods in damage claims
260 _c2002
490 _aContract Journal
_v412(6365) 20 February 2002, 23(1)
520 _aComments on the case of "Scottish Equitable Plc v Miller Construction Ltd" where the issue of application of limitation or prescription periods in claims for breach of contract was taken to arbitration. The resulting judgment decided that where a claim is for the monies due under a contract, the limitation period will not normally begin to run until the last interim payment certificate has been issued.
590 _aABS
650 _aSCOTTISH EQUITABLE V MILLER CONSTRUCTION
650 _aLIMITATION ACT 1980
650 _aContracts
_96232
650 _aLIMITATION PERIODS
650 _aINTERIM PAYMENTS
690 _aBUILT ENVIRONMENT-BUILDING CONTRACT FORMS
942 _n0
999 _c69658
_d69658